| 000 | 02896 a2200241 4500 | ||
|---|---|---|---|
| 001 | 39880 | ||
| 005 | 20260407155655.0 | ||
| 008 | 260407a1992 arg spa d | ||
| 003 | AR-UNSa-BCEJYS | ||
| 040 |
_aAR-UNSa-BCEJYS _bspa _cAR-UNSa-BCEJYS |
||
| 080 |
_a657(083) _xResoluciones Técnicas Contables. Informes |
||
| 245 | 1 | 0 |
_aResolucion técnica Nº 10 _pnormativa, fundamentos y aplicación del modelo de valuación. 62 casos prácticos |
| 020 | _a950-99231-7-6 | ||
| 250 | _a2a. ed. | ||
| 264 | 1 |
_aBuenos Aires : _bReisa _c1992 |
|
| 300 |
_a386 p. _c22 cm. |
||
| 505 | _a1. Aspectos introductorios - 2. Requisitos generales de la información contable - 3. Aspectos relevantes y enfoque de estudio - 4. Enfoque diacronico: Determinantes en la evolución de la normativa contable - 5. Enfoque sincrónico: Esquema general de valuación y determinación de resultados (Modelo de la R.T.Nº 10) - 6. Aspectos complementarios - 7. Caja y bancos, colocaciones de fondos, préstamos, créditos y pasivos que correspondan a operaciones liquidables en moneda argentina, sin cláusula de ajuste o indexación - 8. Caja y bancos, colocaciones de fondos, préstamos, créditos y pasivos liquidables en moneda extranjera - 9. Colocaciones de fondos préstamos, créditos y pasivos sujetos a ajuste o indexación - 10. Préstamos, créditos y pasivos no cancelables en moneda (derechos u obligaciones a recibir o entregar bienes y servicios) - 11. Bienes de cambio en general - 12. Bienes de cambio fungibles, con mercado transparente y que puedan ser comercializados sin esfuerzo significativo de venta - 13. Bienes de cambio producidos o construidos con un proceso de producción o construcción que se prolongue en el tiempo - 14. Inversiones corrientes con cotización en bolsas o mercados de valores - 15. Participaciones permanentes en sociedades controladas - 16. Participaciones permanentes en sociedades vinculadas en las que se ejerza influencia significativa en las decisiones - 17. Participaciones permanentes en sociedades en las que no se ejerza influencia significativa - 18. Inversiones no corrientes en títulos públicos con cotización en bolsas o mercados de valores - 19. Bienes de uso e inversiones en bienes de naturaleza similar a la de aquellos - 20. Intangibles susceptibles de enajenación individual - 21. Otros activos intangibles - 22. Activación de costos financieros y consideración del interés del capital propio invertido - 23. Modificaciones al mecanismo de reexpresión de la R.T. Nº 6 partidas del estado de resultados originadas en operaciones de intercambio - 24. Registro del cargo por impuesto en base al método de lo diferido | ||
| 041 | _aspa | ||
| 942 | _cBK | ||
| 590 | _aniveau_biblio:m niveau_hierar:0 | ||
| 100 | 1 | _aSenderovich, Pablo David | |
| 856 | 4 | 1 |
_uhttps://biblioeco.unsa.edu.ar/pmb/images/libros/L69518.jpg _yImagen de portada _qimage/jpeg |
| 999 |
_c3118 _d3118 |
||